Normal view
MARC view
Entry Personal Name
001 - CONTROL NUMBER
- control field: 35189
003 - CONTROL NUMBER IDENTIFIER
- control field: OSt
005 - DATE AND TIME OF LATEST TRANSACTION
- control field: 20230202160448.0
008 - FIXED-LENGTH DATA ELEMENTS
- fixed length control field: 230202|| aca||aabn | a|a d
040 ## - CATALOGING SOURCE
- Original cataloging agency: OSt
- Transcribing agency: OSt
100 ## - HEADING--PERSONAL NAME
- Personal name: Isser, Rajesh
670 ## - SOURCE DATA FOUND
- Source citation: Work cat.: (OSt)520767: Isser, Rajesh , UN peacekeeping in democratic republic of the Congo, 2003–2010: An operational perspective for air power employment
